Discovering the inscape : (Record no. 128407)
[ view plain ]
| 000 -LEADER | |
|---|---|
| fixed length control field | 00771nam a22002417a 4500 |
| 005 - DATE AND TIME OF LATEST TRANSACTION | |
| control field | 20170124110039.0 |
| 010 ## - LIBRARY OF CONGRESS CONTROL NUMBER | |
| LC control number | A-702239 |
| 020 ## - INTERNATIONAL STANDARD BOOK NUMBER | |
| Terms of availability | 00.00 |
| International Standard Book Number | 8170187680 |
| 035 ## - SYSTEM CONTROL NUMBER | |
| System control number | A-702239 |
| 037 ## - SOURCE OF ACQUISITION | |
| Source of stock number/acquisition | Cen Lib/Ret |
| 040 ## - CATALOGING SOURCE | |
| Original cataloging agency | DPL |
| Language of cataloging | EN |
| 082 ## - DEWEY DECIMAL CLASSIFICATION NUMBER | |
| Classification number | 884 |
| Item number | MAH |
| 100 ## - MAIN ENTRY--PERSONAL NAME | |
| Personal name | Mahapatra, Sitakant |
| 9 (RLIN) | 4243 |
| 245 ## - TITLE STATEMENT | |
| Title | Discovering the inscape : |
| Statement of responsibility, etc | by Sitakant Mahapatra |
| Remainder of title | essays on literature / |
| 260 ## - PUBLICATION, DISTRIBUTION, ETC. (IMPRINT) | |
| Place of publication, distribution, etc | New Delhi |
| Name of publisher, distributor, etc | B. R. Publishing Corporation |
| Date of publication, distribution, etc | 1993 |
| 270 ## - ADDRESS | |
| City | New Delhi |
| Address | 29/9, nangia park, shakti nagar |
| Postal code | 110007 |
| 300 ## - PHYSICAL DESCRIPTION | |
| Extent | iii, 146p. |
| Dimensions | 21cm(Hb) |
| 490 ## - SERIES STATEMENT | |
| Series statement | New world literature series |
| Volume number/sequential designation | no. 73 |
| 500 ## - GENERAL NOTE | |
| General note | Includes index |
| 650 ## - SUBJECT ADDED ENTRY--TOPICAL TERM | |
| Topical term or geographic name as entry element | Oriya literature |
| 9 (RLIN) | 23291 |
| 650 ## - SUBJECT ADDED ENTRY--TOPICAL TERM | |
| Topical term or geographic name as entry element | Literary criticism |
| 9 (RLIN) | 23292 |
| 942 ## - ADDED ENTRY ELEMENTS (KOHA) | |
| Source of classification or shelving scheme | Dewey Decimal Classification |
| Koha item type | English Books |
| Classification part | 884 |
| Call number suffix | MAH |
| Withdrawn status | Lost status | Damaged status | Not for loan | Home library | Current library | Date acquired | Source of acquisition | Cost, normal purchase price | Total Checkouts | Full call number | Barcode | Date last seen | Copy number | Cost, replacement price | Price effective from | Koha item type | Source of classification or shelving scheme | Collection code |
|---|---|---|---|---|---|---|---|---|---|---|---|---|---|---|---|---|---|---|
| Central Library | Central Library | 02/07/2015 | Cen Lib/Ret | 0.00 | 884 MAH | A-702239 | 02/07/2015 | 1 | 0.00 | 02/07/2015 | English Books | |||||||
| Sarojini Nagar | Sarojini Nagar | 16/05/2019 | 884 MAH | A-702240 | 16/05/2019 | 16/05/2019 | English Books | Dewey Decimal Classification | Non-fiction |
